000
00208 a2200097 4500
001
10820
100
_a
A. K. Brohi
245
_a
Testament of Faith
260
_a
_b
Publishers, United
_c
090
_c
8404
_d
8404
942
_a
NUST-CAE
_c
M
_c
35161
999
_c
245893
_d
245893